| 000 | 01659cam a2200337 i 4500 | ||
|---|---|---|---|
| 003 | SA-RiAUC | ||
| 005 | 20250308124501.0 | ||
| 008 | 250308s1983 su g b f00100 ara c | ||
| 040 |
_aOM-MuAAL _bara _cSA-RiAUC _erda |
||
| 082 | 0 | 4 |
_a228.1 _qSA-RiAUC |
| 090 |
_a228.1 _b ا ب ن ب |
||
| 100 | 1 |
_aابن الباذش، أحمد بن علي بن أحمد، _d491-540 هجري _eمؤلف. |
|
| 245 | 1 | 0 |
_aكتاب الإقناع في القراءات السبع / _cتأليف أبي جعفر بن علي بن أحمد بن خلف الأنصاري بن البادش ؛ حققه وقدم له عبد المجيد قطاش. |
| 246 | 3 | 0 | _aالإقناع في القراءات السبع |
| 250 | _aالطبعة الأولى. | ||
| 264 | 1 |
_aمكة المكرمة : _bجامعة أم القرى، كلية الشريعة والدراسات الإسلامية، مركز البحث العلمي وإحياء التراث الإسلامي، _c[1983] |
|
| 300 |
_a2 مجلد (958 صفحة ) ؛ _c24 سم. |
||
| 336 |
_aنص _btxt _2rdacontent _3كتاب |
||
| 337 |
_aبدون وسيط _bn _2rdamedia |
||
| 338 |
_aمجلد _bnc _2rdacarrier |
||
| 490 | 0 |
_aمن التراث الإسلامي ؛ _v23 |
|
| 500 | _aالمكتبة يتوافر بها : مجلد 1. | ||
| 500 | _aكشافات : صفحة 825-955. | ||
| 504 | _aيشتمل على إرجاعات ببليوجرافية. | ||
| 504 | _aببليوجرافية : صفحة 956-958. | ||
| 630 | 2 | 7 |
_aالقرآن _xالقراءات السبع _2aucut |
| 700 | 1 |
_aقطاش، عبد المجيد _eمحقق. |
|
| 730 | 2 | 2 | _aالقرآن |
| 942 |
_2ddc _cBOOK _n0 |
||
| 949 |
_aSA-JeALM _d250308 _ueid123 _n1 |
||
| 999 |
_c6306 _d6306 |
||